[Event "Titled Tue 20th May Late"]
[Site "chess.com INT"]
[Date "2025.05.20"]
[Round "4"]
[White "Clawitter, Craig"]
[Black "Abraham, John Z"]
[Result "0-1"]
[WhiteElo "2050"]
[BlackElo "2100"]
[WhiteFideId "2023105"]
[BlackFideId "30987318"]
[EventDate "2025.05.20"]

1. e4 c5 2. Nf3 d6 3. d4 cxd4 4. Nxd4 a6 5. Nc3 Nf6 6. f3 Qc7 7. Be3 Nc6 8. Qd2
e6 9. O-O-O Bd7 10. g4 h6 11. h4 Be7 12. Rg1 Nxd4 13. Qxd4 b5 14. g5 hxg5 15.
hxg5 Nh5 16. f4 Rb8 17. Be2 b4 18. Nd5 exd5 19. Rh1 Rc8 20. Rd2 Qa5 21. Kb1 dxe4
22. Bxh5 Be6 23. b3 Kd7 24. Qxe4 g6 25. Bf3 Rxh1+ 26. Bxh1 Bf5 27. Qb7+ Rc7 28.
Qd5 Qxd5 29. Bxd5 f6 30. Kb2 fxg5 31. fxg5 Bf8 32. Rd4 Bg7 33. c4 bxc3+ 34. Ka3
Bxd4 35. Bxd4 c2 36. Bb2 c1=Q 37. Bxc1 Rxc1 38. b4 Rc3+ 39. Bb3 Rxb3+ 40. Kxb3
Kc6 41. a3 Kb5 42. a4+ Kb6 43. Kc4 Be6+ 44. Kd4 Bd7 45. a5+ Kc6 46. Kc4 Be6+ 47.
Kd4 Kb5 48. Kc3 Bf7 49. Kd4 Kxb4 50. Ke4 Kxa5 51. Kd4 Kb5 52. Ke4 a5 53. Kd4 a4
54. Ke4 a3 55. Kd4 a2 56. Ke3 a1=Q 57. Kf4 Qe5+ 58. Kg4 Be6+ 59. Kh4 Qf4# 0-1

[Event "Titled Tue 20th May Late"]
[Site "chess.com INT"]
[Date "2025.05.20"]
[Round "4"]
[White "Barseghyan, Armen Ar."]
[Black "Noy, Eyal"]
[Result "0-1"]
[WhiteTitle "IM"]
[BlackTitle "FM"]
[WhiteElo "2348"]
[BlackElo "2346"]
[WhiteFideId "13306707"]
[BlackFideId "2821117"]
[EventDate "2025.05.20"]

1. Nf3 c5 2. c4 g6 3. g3 Bg7 4. Bg2 Nc6 5. O-O e6 6. e3 Nge7 7. d4 cxd4 8. exd4
d5 9. cxd5 Qxd5 10. Nc3 Qd8 11. Bf4 O-O 12. Qd2 Nxd4 13. Nxd4 Qxd4 14. Qxd4 Bxd4
15. Nb5 Bxb2 16. Rab1 Bf6 17. Nc7 Rb8 18. Bd6 Rd8 19. Rfd1 Nf5 20. Ba3 Rxd1+ 21.
Rxd1 b6 22. Ne8 Be7 23. Bxe7 Nxe7 24. Rd8 b5 25. g4 g5 26. h4 h6 27. h5 f5 28.
f4 gxf4 29. g5 hxg5 30. Bf1 Kh7 31. Bd3 Kh6 32. Nf6 Kg7 33. Ne8+ Kh6 34. Nf6 e5
35. Rd6 Kg7 36. Ne8+ Kf7 37. Nf6 Rb6 38. Rxb6 axb6 0-1

[Event "Titled Tue 20th May Late"]
[Site "chess.com INT"]
[Date "2025.05.20"]
[Round "4"]
[White "Wuebker, Paul-Luca"]
[Black "Jedryczka, Krystian"]
[Result "0-1"]
[WhiteTitle "CM"]
[WhiteElo "2244"]
[BlackElo "2084"]
[WhiteFideId "12939528"]
[BlackFideId "1109472"]
[EventDate "2025.05.20"]

1. e4 e5 2. Nf3 Nc6 3. Bb5 a6 4. Ba4 Nf6 5. O-O Nxe4 6. d4 b5 7. Bb3 d5 8. Re1
Be6 9. Nbd2 Nxd2 10. Bxd2 e4 11. Ng5 Nxd4 12. Nxe6 Nxe6 13. f3 Bc5+ 14. Kh1 exf3
15. Qxf3 c6 16. Qc3 Qd6 17. Qxg7 O-O-O 18. Qxf7 Nc7 19. Bf4 Qd7 20. Qxd7+ Rxd7
21. a4 b4 22. g3 h5 23. Kg2 h4 24. g4 h3+ 25. Kg3 Rf7 26. Rf1 Ne6 27. Be5 Rhf8
28. Rxf7 Rxf7 29. Kxh3 Ng5+ 30. Kg3 Ne4+ 31. Kh3 Rf3+ 32. Kh4 Be7+ 33. Kh5 Rh3+
34. Kg6 Kd7 35. Bg3 Rh8 36. Re1 Rg8+ 37. Kf5 Rf8+ 38. Kg6 Rg8+ 39. Kh7 Rxg4 40.
Re3 Ng5+ 41. Kg6 Ne6+ 42. Kh5 Rg5+ 43. Kh6 Rf5 0-1

[Event "Titled Tue 20th May Late"]
[Site "chess.com INT"]
[Date "2025.05.20"]
[Round "4"]
[White "Tkachenko, Erik"]
[Black "Onur, Cigdem"]
[Result "1-0"]
[BlackTitle "WCM"]
[WhiteElo "2028"]
[BlackElo "1966"]
[WhiteFideId "30902967"]
[BlackFideId "6346030"]
[EventDate "2025.05.20"]

1. e4 c5 2. Nf3 Nc6 3. d4 cxd4 4. Nxd4 Nf6 5. Nc3 e5 6. Ndb5 d6 7. Bg5 a6 8. Na3
b5 9. Nd5 Be7 10. Bxf6 Bxf6 11. c3 Bg5 12. Nc2 O-O 13. a4 bxa4 14. Rxa4 a5 15.
b4 Bd7 16. b5 Ne7 17. Nce3 Bxe3 18. Nxe3 f5 19. Qxd6 fxe4 20. Qxe5 Ng6 21. Qxe4
Qf6 22. Bc4+ Kh8 23. O-O Rae8 24. Qd4 Ne5 25. Be2 Qg6 26. Rxa5 Bf5 27. Ra6 Qf7
28. Ra7 Qg6 29. f4 Ng4 30. Bxg4 Bxg4 31. Nxg4 Qxg4 32. h3 Qg3 33. Qf2 Qg6 34. f5
Qf6 35. b6 Qxc3 36. b7 Rb8 37. Rfa1 Qc7 38. Qb2 h6 39. Ra8 Rxf5 40. Rxb8+ Qxb8
41. Ra8 1-0

[Event "Titled Tue 20th May Late"]
[Site "chess.com INT"]
[Date "2025.05.20"]
[Round "4"]
[White "Ruiz Aguilar, Pablo Alexander"]
[Black "Dovgaliuk, Oleksandr"]
[Result "1-0"]
[WhiteTitle "FM"]
[WhiteElo "2141"]
[BlackElo "2240"]
[WhiteFideId "4401352"]
[BlackFideId "14167247"]
[EventDate "2025.05.20"]

1. e4 c5 2. Nf3 d6 3. d4 cxd4 4. Nxd4 Nf6 5. Nc3 a6 6. Be3 Ng4 7. Bg5 h6 8. Bh4
g5 9. Bg3 Bg7 10. Be2 h5 11. h3 h4 12. hxg4 hxg3 13. Rxh8+ Bxh8 14. fxg3 Qb6 15.
Nd5 Qxd4 16. Qxd4 Bxd4 17. Nc7+ Kd8 18. Nxa8 b6 19. c3 Be3 20. e5 Bb7 21. Bf3
Bxf3 22. gxf3 dxe5 23. Rd1+ Kc8 24. Ke2 Bc5 25. b4 Bd6 26. Nxb6+ Kb7 27. Nc4 Bc7
28. a4 Kc6 29. Ne3 e6 30. c4 Bd6 31. c5 Bc7 32. Nc4 Nd7 33. a5 e4 34. fxe4 Bxg3
35. Nd6 f6 36. Nc4 Bf4 37. Nb6 Ne5 38. Rd6+ Kb5 39. Rxe6 Kxb4 40. c6 Nxg4 41.
Nd7 Kxa5 42. Nxf6 Nxf6 43. Rxf6 Kb6 44. c7+ Kxc7 45. Rxa6 Kd7 46. Kf3 Ke7 47.
Kg4 Kf7 48. Kf5 Ke7 49. Ra7+ Kd6 50. Rg7 Kc5 51. e5 Kd5 52. e6 Kd6 53. Rd7+ Kc6
54. Rd3 Bd6 55. Kf6 g4 56. e7 Bxe7+ 57. Kxe7 Kc5 58. Kf6 Kc4 59. Rg3 1-0

[Event "Titled Tue 20th May Late"]
[Site "chess.com INT"]
[Date "2025.05.20"]
[Round "4"]
[White "Praggnanandhaa, R"]
[Black "Donchenko, Alexander"]
[Result "1-0"]
[WhiteTitle "GM"]
[BlackTitle "GM"]
[WhiteElo "2758"]
[BlackElo "2615"]
[WhiteFideId "25059530"]
[BlackFideId "24603295"]
[EventDate "2025.05.20"]

1. b3 c5 2. Bb2 Nc6 3. e3 Nf6 4. Nf3 g6 5. c4 Bg7 6. Be2 O-O 7. O-O b6 8. d4
cxd4 9. Nxd4 Bb7 10. Nd2 Rc8 11. Rc1 d6 12. Bf3 Qd7 13. Qe2 Nxd4 14. Bxd4 Bxf3
15. Qxf3 b5 16. Qe2 a6 17. e4 Qb7 18. Rfe1 Nd7 19. Qe3 Bxd4 20. Qxd4 Qb6 21.
Qxb6 Nxb6 22. cxb5 axb5 23. Nf3 e5 24. Red1 Nd7 25. Rxc8 Rxc8 26. Ne1 Nc5 27. f3
Rc6 28. Rd2 f5 29. exf5 gxf5 30. Nc2 Ne6 31. Kf2 Rc7 32. Ke1 Kf7 33. Kd1 Ke7 34.
Ne3 Kf7 35. Nxf5 d5 36. Rxd5 Nf4 37. Rxe5 Nxg2 38. Rxb5 Kf6 39. Kd2 Rd7+ 40. Kc3
Ne1 41. Nd4 Ng2 42. a4 Ne3 43. a5 Nd5+ 44. Kc4 Ne3+ 45. Kd3 Nd5 46. a6 Nc7 47.
Ra5 Ne6 48. a7 Nxd4 49. a8=Q Nxb3+ 50. Ke2 1-0

[Event "Titled Tue 20th May Late"]
[Site "chess.com INT"]
[Date "2025.05.20"]
[Round "4"]
[White "Shevkunov, Vladyslav"]
[Black "Vykouk, Jan"]
[Result "0-1"]
[BlackTitle "IM"]
[WhiteElo "2073"]
[BlackElo "2496"]
[WhiteFideId "30953448"]
[BlackFideId "349658"]
[EventDate "2025.05.20"]

1. e4 c5 2. Nf3 d6 3. Bb5+ Nd7 4. c3 a6 5. Ba4 Nf6 6. Qe2 e6 7. d4 b5 8. Bc2 Be7
9. O-O Bb7 10. Re1 Rc8 11. Bd3 Qc7 12. a4 c4 13. Bc2 e5 14. Na3 bxa4 15. Bxa4
O-O 16. Bc2 Rfe8 17. d5 Bd8 18. Be3 a5 19. Nd2 Ba6 20. Ba4 Rf8 21. Bc6 Nb8 22.
Bb5 Bxb5 23. Nxb5 Qd7 24. Na7 Rc7 25. Nxc4 Nxe4 26. Nb6 Qe7 27. Nb5 Rb7 28. Nc8
Qd7 29. Nca7 Nf6 30. Red1 Ng4 31. c4 Nxe3 32. fxe3 Bb6 33. Nc6 Nxc6 34. dxc6
Qxc6 35. Rxd6 Qc5 36. Re1 Rd8 37. Rxd8+ Bxd8 38. Qd3 Rb8 39. b3 h6 40. Rf1 Bb6
41. Kh1 Qxe3 42. Qd5 Rf8 43. Nd6 Kh7 44. Nxf7 Bd4 0-1

[Event "Titled Tue 20th May Late"]
[Site "chess.com INT"]
[Date "2025.05.20"]
[Round "4"]
[White "Yevchenko, Oleksandr"]
[Black "Bhatia, Kanishka"]
[Result "0-1"]
[WhiteTitle "CM"]
[BlackTitle "WCM"]
[WhiteElo "2276"]
[BlackElo "1979"]
[WhiteFideId "14108267"]
[BlackFideId "2410095"]
[EventDate "2025.05.20"]

1. c4 g6 2. Nc3 Bg7 3. d4 c5 4. Nf3 cxd4 5. Nxd4 Nc6 6. Nc2 Nf6 7. e4 d6 8. Be2
O-O 9. O-O Bd7 10. Be3 Rc8 11. Rc1 Ne5 12. Na3 a6 13. f3 Be6 14. b3 Qa5 15. Na4
Ned7 16. Nc2 b5 17. Bd2 Qc7 18. cxb5 axb5 19. Bxb5 Nb6 20. Nd4 Qa7 21. Be3 Rxc1
22. Qxc1 Rc8 23. Qd2 Nxa4 24. Nxe6 Nc5 25. Nxg7 Kxg7 26. b4 Qb7 27. Be2 Ne6 28.
h3 d5 29. exd5 Nxd5 30. Bd4+ f6 31. b5 Nxd4 32. Qxd4 Nc3 33. Bd3 Nxb5 34. Qb4
Qa7+ 35. Kh1 Nd6 36. a4 Ra8 37. Re1 Kf8 38. Ra1 Qe3 39. Bf1 Ra7 40. a5 Nf5 41.
Qb8+ Kg7 0-1

[Event "Titled Tue 20th May Late"]
[Site "chess.com INT"]
[Date "2025.05.20"]
[Round "4"]
[White "Kosakowski, Jakub"]
[Black "Habans Aguerrea, Javier"]
[Result "0-1"]
[WhiteTitle "GM"]
[BlackTitle "IM"]
[WhiteElo "2530"]
[BlackElo "2448"]
[WhiteFideId "1185080"]
[BlackFideId "24524689"]
[EventDate "2025.05.20"]

1. e4 c6 2. d4 d5 3. e5 c5 4. Nf3 cxd4 5. Qxd4 Nc6 6. Qf4 g6 7. Nc3 d4 8. Nb5
Bh6 9. Qh4 Bxc1 10. Rxc1 a6 11. Nbxd4 Nxe5 12. c3 Nxf3+ 13. Nxf3 Nf6 14. Bc4 O-O
15. O-O Kg7 16. Rfe1 Qc7 17. Bb3 Bf5 18. Nd4 e6 19. h3 Rfe8 20. Re3 h6 21. f3
Rad8 22. Rce1 g5 23. Qf2 Bg6 24. h4 Qf4 25. hxg5 hxg5 26. Re5 g4 27. Qe3 Qg3 28.
f4 Qh4 29. g3 Qh3 30. Qf2 Rh8 31. Qg2 Rh7 32. Rg5 Rdh8 33. Qxh3 Rxh3 34. f5 Kh6
35. fxg6 Kxg5 36. gxf7 Rh1+ 37. Kf2 R8h2+ 38. Ke3 Rxe1+ 39. Kd3 Nd7 40. Nxe6+
Rxe6 41. Bxe6 Nc5+ 42. Kd4 Nxe6+ 43. Kd5 Kf6 0-1

[Event "Titled Tue 20th May Late"]
[Site "chess.com INT"]
[Date "2025.05.20"]
[Round "4"]
[White "Lezcano, Gustavo"]
[Black "Montano Vicente, Guadalupe"]
[Result "0-1"]
[WhiteElo "2007"]
[BlackElo "1940"]
[WhiteFideId "103306"]
[BlackFideId "5181399"]
[EventDate "2025.05.20"]

1. c4 e5 2. Nc3 Nf6 3. g3 d5 4. cxd5 Nxd5 5. Bg2 Nb6 6. d3 Be7 7. Nf3 Nc6 8. O-O
O-O 9. Bd2 Be6 10. a3 a5 11. Na4 f6 12. Nxb6 cxb6 13. Bc3 Qd7 14. d4 e4 15. Nd2
Nxd4 16. Nxe4 Rad8 17. Bxd4 Qxd4 18. Qxd4 Rxd4 19. Rfd1 Rfd8 20. Rxd4 Rxd4 21.
e3 Rd7 22. Nc3 Kf7 23. Rd1 Rc7 24. Bd5 Bxd5 25. Nxd5 Rc2 26. b4 axb4 27. axb4 b5
28. Rd4 Rc4 29. Rxc4 bxc4 30. b5 Bc5 31. Kf1 Ke6 32. e4 f5 33. Nc3 Ke5 34. exf5
Kxf5 35. Ke2 Ke5 36. f4+ Kd4 37. Na4 c3 38. g4 Kc4 39. Nxc5 Kxc5 40. Kd3 Kxb5
41. Kxc3 Kc5 42. f5 Kd5 43. h4 Ke5 44. Kb4 Kf4 0-1

[Event "Titled Tue 20th May Late"]
[Site "chess.com INT"]
[Date "2025.05.20"]
[Round "4"]
[White "Aliyev, Elnur"]
[Black "Alazmi, Amani"]
[Result "1-0"]
[WhiteTitle "CM"]
[BlackTitle "WCM"]
[WhiteElo "2155"]
[BlackElo "1725"]
[WhiteFideId "13402617"]
[BlackFideId "10303553"]
[EventDate "2025.05.20"]

1. e4 c5 2. Nc3 g6 3. f4 Bg7 4. Nf3 e6 5. e5 a6 6. Ne4 Bf8 7. d4 cxd4 8. Qxd4
Nc6 9. Qf2 d5 10. exd6 Bxd6 11. Nxd6+ Qxd6 12. Bd2 Nf6 13. Bd3 Nb4 14. O-O Nxd3
15. cxd3 Qxd3 16. Ne5 Qb5 17. a4 Qb3 18. Qc5 Ne4 19. Qc7 O-O 20. Bc3 Nxc3 21.
bxc3 b5 22. a5 Qd5 23. Rad1 Qb7 24. Qc5 Qe4 25. Rd4 Qe3+ 26. Kh1 Bb7 27. Qe7 Bd5
28. Ng4 Qe2 29. Nf6+ Kg7 30. Rg1 Qc2 31. Rxd5 exd5 32. f5 Qxc3 33. Nxd5 Rae8 34.
f6+ Kg8 35. Nxc3 Rxe7 36. fxe7 Re8 37. Re1 f5 38. Nd5 Kf7 39. Rc1 Ke6 40. Nc7+
Kd7 41. Nxe8 Kxe8 42. Rc6 Kxe7 43. Rxa6 b4 44. Rb6 Kd7 45. Rxb4 Kc6 46. Rb1 Kc5
47. a6 Kc4 48. a7 Kc3 49. a8=Q 1-0

[Event "Titled Tue 20th May Late"]
[Site "chess.com INT"]
[Date "2025.05.20"]
[Round "4"]
[White "Meylan, Andre"]
[Black "Yanev, Tihomir"]
[Result "0-1"]
[WhiteTitle "CM"]
[BlackTitle "IM"]
[WhiteElo "2138"]
[BlackElo "2354"]
[WhiteFideId "1301225"]
[BlackFideId "2910110"]
[EventDate "2025.05.20"]

1. e4 c5 2. Nf3 d6 3. d4 cxd4 4. Nxd4 Nf6 5. Nc3 a6 6. a4 e6 7. Be2 Qc7 8. O-O
b6 9. f4 Bb7 10. Bf3 Nbd7 11. Be3 Be7 12. Nb3 O-O 13. Kh1 Nc5 14. Nxc5 dxc5 15.
e5 Rad8 16. Qe2 Nd5 17. Bd2 Nb4 18. Rac1 Rd7 19. Bxb7 Qxb7 20. Ne4 Rfd8 21. Bxb4
cxb4 22. h3 Rd4 23. Rce1 Bh4 24. Nd6 R4xd6 25. exd6 Bxe1 26. Qxe1 Rxd6 27. Qxb4
Qc6 28. Rf3 a5 29. Qc3 h6 30. b3 Rd1+ 31. Kh2 Qd6 32. Rg3 Rd4 33. Qc8+ Kh7 34.
Qc3 Qxf4 35. Qe3 g5 36. Qxf4 gxf4 37. Rc3 Kg6 38. Rc6 Rb4 39. Kg1 Kf5 40. Kf2 h5
41. Kf3 f6 42. Rd6 h4 43. Rc6 e5 44. Kf2 Rd4 45. Rxb6 Rd2+ 46. Kf1 Rxc2 47. b4
axb4 48. Rxb4 Ra2 49. Rc4 Ke6 50. Rb4 Kd5 51. Kg1 e4 52. Rb5+ Kd4 53. Rf5 Ke3
54. Rxf6 Rxa4 55. Rd6 Ra1+ 56. Kh2 Ra2 57. Re6 f3 58. Kh1 f2 0-1

[Event "Titled Tue 20th May Late"]
[Site "chess.com INT"]
[Date "2025.05.20"]
[Round "4"]
[White "Zanette, Edgard Vinicius"]
[Black "Reprintsev, Alexander"]
[Result "0-1"]
[BlackTitle "IM"]
[WhiteElo "2041"]
[BlackElo "2256"]
[WhiteFideId "2109263"]
[BlackFideId "14100541"]
[EventDate "2025.05.20"]

1. e4 e5 2. Nf3 Nc6 3. Nc3 Bb4 4. Nd5 Nf6 5. Nxb4 Nxb4 6. d3 Qe7 7. Bd2 O-O 8.
c3 Nc6 9. Bg5 h6 10. Bh4 d6 11. h3 g5 12. Bg3 Nh5 13. Be2 Nf4 14. Bxf4 exf4 15.
Qd2 f5 16. exf5 Bxf5 17. O-O-O Rae8 18. Rhe1 Qf7 19. Kb1 Be6 20. b3 Re7 21. Bf1
Rfe8 22. Kb2 a5 23. d4 Bf5 24. Bc4 d5 25. Bb5 Rxe1 26. Rxe1 Rxe1 27. Qxe1 Be4
28. Bxc6 bxc6 29. Ne5 Qe6 30. f3 Bh7 31. Qc1 c5 32. Qd2 h5 33. Qf2 c4 34. Qe2
Qf5 35. Qd2 cxb3 36. axb3 c5 37. Qd1 cxd4 38. cxd4 Kg7 39. Ka2 Kf6 40. Qc1 Qc2+
41. Qxc2 Bxc2 42. Nc6 Bd3 43. Nxa5 Bf1 44. b4 Bxg2 45. b5 Bf1 46. b6 Ba6 47. b7
Bxb7 48. Nxb7 g4 49. fxg4 hxg4 50. hxg4 f3 51. Nc5 f2 52. Nd7+ Kg5 53. Ne5 f1=Q 0-1

[Event "Titled Tue 20th May Late"]
[Site "chess.com INT"]
[Date "2025.05.20"]
[Round "4"]
[White "Wu, Derek"]
[Black "Zavortink, Matt"]
[Result "1/2-1/2"]
[WhiteTitle "FM"]
[WhiteElo "2232"]
[BlackElo "2135"]
[WhiteFideId "30914558"]
[BlackFideId "2034263"]
[EventDate "2025.05.20"]

1. d4 Nf6 2. c4 g6 3. g3 Bg7 4. Bg2 O-O 5. Nf3 d6 6. Nc3 Nbd7 7. O-O e5 8. e4
exd4 9. Nxd4 Nc5 10. h3 Re8 11. Re1 h6 12. Be3 Nfxe4 13. Nxe4 Nxe4 14. Qc2 Nc5
15. Rad1 c6 16. b4 Ne6 17. Nxe6 Bxe6 18. Bf4 Bf5 19. Rxe8+ Qxe8 20. Qc1 Qe2 21.
Rd2 Qe8 22. Rxd6 g5 23. Be3 Rd8 24. Qd2 Rxd6 25. Qxd6 a6 26. Qc7 Qd7 27. Qb8+
Kh7 28. g4 Be6 29. Be4+ f5 30. Bc2 Kg6 31. a4 Kf7 32. gxf5 Bxc4 33. Bc5 Bd5 34.
Qg3 Qe8 35. Be3 Qe5 36. Qg4 Qa1+ 37. Qd1 Qxd1+ 38. Bxd1 Be4 39. Bh5+ Ke7 40. Bg6
Be5 41. Kf1 Kf6 42. Ke2 Bxf5 43. Bxf5 Kxf5 44. Kf3 h5 45. Bc5 g4+ 46. hxg4+
hxg4+ 47. Ke3 g3 48. fxg3 Bxg3 49. Kd4 Ke6 50. Kc4 Kd7 51. Be3 Bd6 52. Bd2 Be7
53. Be3 Kc7 54. a5 Kd7 55. Bd4 Bd6 56. Be3 Ke6 57. Bd4 Kd7 58. Be3 Ke6 59. Bd4
Kd7 1/2-1/2

[Event "Titled Tue 20th May Late"]
[Site "chess.com INT"]
[Date "2025.05.20"]
[Round "4"]
[White "Skramstad, Oda Kofoed"]
[Black "Martin Barcelo, Carles"]
[Result "1-0"]
[WhiteTitle "WCM"]
[BlackTitle "FM"]
[WhiteElo "1898"]
[BlackElo "2290"]
[WhiteFideId "1564862"]
[BlackFideId "24561444"]
[EventDate "2025.05.20"]

1. e4 c6 2. d4 d5 3. Nc3 dxe4 4. Nxe4 Bf5 5. Ng3 Bg6 6. h4 h6 7. h5 Bh7 8. Nf3
Nd7 9. Bd3 Bxd3 10. Qxd3 Ngf6 11. O-O e6 12. c4 Be7 13. Re1 O-O 14. Bf4 a5 15.
a3 a4 16. Rad1 Qa5 17. Ne5 Nxe5 18. Bxe5 Rad8 19. Qf3 Qb6 20. Re2 Rd7 21. Red2
Rfd8 22. Ne4 Nxe4 23. Qxe4 Bd6 24. Rd3 Qxb2 25. Rg3 Bf8 26. Qg4 f5 27. Qg6 Qc2
28. Rdd3 Qc1+ 29. Kh2 b5 30. cxb5 cxb5 31. Qxe6+ Rf7 32. Rdf3 Qc2 33. Qxh6 b4
34. Qb6 b3 35. Rc3 Qe4 36. h6 Re8 37. hxg7 Bxg7 38. Bxg7 Rxg7 39. Rxg7+ Kxg7 40.
Rg3+ Kf7 41. Qg6+ Ke7 42. Re3 Rh8+ 43. Kg3 f4+ 44. Kg4 Qxe3 45. fxe3 Rb8 46.
Qg7+ Ke6 47. Qe5+ Kd7 48. Qxb8 fxe3 49. Kf3 Ke6 50. Kxe3 Kd5 51. Kd3 Ke6 52. Qb5
Kd6 53. g4 b2 54. g5 b1=Q+ 55. Qxb1 Ke6 56. Ke4 1-0

[Event "Titled Tue 20th May Late"]
[Site "chess.com INT"]
[Date "2025.05.20"]
[Round "4"]
[White "Kolmagorov, Alexey"]
[Black "Amburgy, Ryan"]
[Result "0-1"]
[WhiteTitle "CM"]
[BlackTitle "FM"]
[WhiteElo "2145"]
[BlackElo "2309"]
[WhiteFideId "34129402"]
[BlackFideId "30924820"]
[EventDate "2025.05.20"]

1. b3 e5 2. Bb2 Nc6 3. c4 Nge7 4. e3 d5 5. cxd5 Nxd5 6. Nf3 f6 7. Bb5 Be6 8. O-O
Qd7 9. d4 e4 10. Nfd2 f5 11. Nc3 a6 12. Bc4 Nce7 13. Rc1 g6 14. Ba3 Bg7 15. Bxe7
Nxe7 16. Bxe6 Qxe6 17. Nc4 Rd8 18. Qe2 O-O 19. h4 f4 20. exf4 Rxd4 21. g3 Nf5
22. Ne3 Rd3 23. Nxf5 gxf5 24. Na4 Bd4 25. Nc5 Qg6 26. Kh2 Rf3 27. Qc4+ Rf7 28.
Qxd4 e3 29. Qd8+ Rf8 30. Qg5 e2 31. Rfe1 Rxf2+ 32. Kg1 Rf3 33. Qxg6+ hxg6 34.
Kg2 Re3 35. Nd7 Rf7 36. Ne5 Re7 37. Rc2 Re6 38. Rcxe2 Rc3 39. Nd7 Rxe2+ 40. Rxe2
Kf7 41. Ne5+ Kf6 42. Nc4 b5 43. Ne3 c6 44. g4 fxg4 45. Nxg4+ Kf5 46. Ne5 c5 47.
Rf2 c4 48. bxc4 bxc4 49. Nc6 Kg4 50. Ne5+ Kf5 51. Rf3 Rc1 52. Kg3 c3 53. Rd3 c2
54. Rc3 Rg1+ 55. Kf2 c1=Q 56. Rxc1 Rxc1 57. Nd3 Rc2+ 58. Ke3 Rxa2 59. Kd4 Rd2
60. Ke3 Rxd3+ 61. Kxd3 Kxf4 0-1

[Event "Titled Tue 20th May Late"]
[Site "chess.com INT"]
[Date "2025.05.20"]
[Round "4"]
[White "Naroditsky, Daniel"]
[Black "Mishra, Abhimanyu"]
[Result "1-0"]
[WhiteTitle "GM"]
[BlackTitle "GM"]
[WhiteElo "2619"]
[BlackElo "2605"]
[WhiteFideId "2026961"]
[BlackFideId "30920019"]
[EventDate "2025.05.20"]

1. e4 c5 2. Nf3 d6 3. d4 cxd4 4. Nxd4 Nf6 5. Nc3 a6 6. Bd3 e5 7. Nde2 Be7 8. O-O
O-O 9. Ng3 Be6 10. Qf3 Bg4 11. Qe3 Nbd7 12. h3 Be6 13. Qf3 Nc5 14. Nf5 Nxd3 15.
cxd3 h6 16. Rd1 Bxf5 17. Qxf5 Qc8 18. Qf3 b5 19. a3 Qb7 20. Be3 Rfc8 21. d4 a5
22. dxe5 dxe5 23. Qf5 b4 24. axb4 axb4 25. Rxa8 Rxa8 26. Nd5 Nxd5 27. Rxd5 Qc6
28. Kh2 Bf6 29. Rc5 Qd6 30. Rc8+ Rxc8 31. Qxc8+ Kh7 32. Qb7 Be7 33. Qb5 Kg8 34.
g3 f6 35. Qc4+ Kh8 36. Qf7 Bf8 37. h4 Be7 38. h5 Bf8 39. b3 Kh7 40. Bxh6 Qd1 41.
Be3 Bd6 42. Qg6+ Kh8 43. h6 Bf8 44. hxg7+ Bxg7 45. Bh6 Bxh6 46. Qxh6+ Kg8 47.
Qg6+ Kh8 48. Qxf6+ Kh7 49. Qe7+ Kg6 50. Qxb4 Qf3 51. Qd6+ Kh7 52. Qd7+ Kh8 53.
Qc8+ Kg7 54. Qf5 Qxb3 55. Qxe5+ Kg8 56. Qg5+ Kh8 57. Qh4+ Kg7 58. Qf4 Qc2 59. e5
Qh7+ 60. Kg2 Qd3 61. Qf6+ Kg8 62. Qg5+ Kh8 63. Qh5+ Kg8 64. Qf3 Qg6 65. Qd5+ Kh8
66. e6 Qf6 67. Qh5+ 1-0

[Event "Titled Tue 20th May Late"]
[Site "chess.com INT"]
[Date "2025.05.20"]
[Round "4"]
[White "Baskakov, Egor"]
[Black "Bukreev, Stanislav"]
[Result "1-0"]
[WhiteTitle "CM"]
[BlackTitle "FM"]
[WhiteElo "2215"]
[BlackElo "2328"]
[WhiteFideId "24197866"]
[BlackFideId "34252347"]
[EventDate "2025.05.20"]

1. e4 e6 2. g3 c5 3. Bg2 Nc6 4. Ne2 g6 5. d4 cxd4 6. Nxd4 d6 7. O-O a6 8. c4 Bg7
9. Be3 Nge7 10. Nc3 O-O 11. Rc1 e5 12. Nb3 f5 13. Nd5 Nxd5 14. Qxd5+ Kh8 15.
exf5 gxf5 16. Bd2 Ne7 17. Qd3 e4 18. Qe2 Nc6 19. Rfd1 Qe7 20. Bc3 Ne5 21. Nd4
Bd7 22. Bb4 Rad8 23. Nb3 Be6 24. Nd4 Bc8 25. b3 Rfe8 26. Ba5 Rd7 27. Nxf5 Qf8
28. Nxg7 Rxg7 29. Bc3 Bg4 30. Qe3 Bxd1 31. Rxd1 Kg8 32. Qxe4 Rf7 33. f4 Nc6 34.
Qd5 Qe7 35. Re1 Qd7 36. Qg5+ Kf8 37. Qh6+ Kg8 38. Bd5 Rxe1+ 39. Bxe1 Nd8 40. Ba5
Qe8 41. Bxd8 Qe1+ 42. Kg2 Qe2+ 43. Kh3 Qf1+ 44. Kh4 Qe2 45. Bxf7+ Kxf7 46. Qf6+
Kg8 47. Qg5+ Kf7 48. Qe7+ Qxe7+ 49. Bxe7 Kxe7 50. Kg5 b5 51. f5 a5 52. a4 d5 53.
cxd5 b4 1-0

[Event "Titled Tue 20th May Late"]
[Site "chess.com INT"]
[Date "2025.05.20"]
[Round "4"]
[White "Di Benedetto, Guillermo"]
[Black "Ugarte Soto, Cesar"]
[Result "1-0"]
[WhiteTitle "FM"]
[BlackTitle "CM"]
[WhiteElo "2289"]
[BlackElo "2088"]
[WhiteFideId "111120"]
[BlackFideId "3601331"]
[EventDate "2025.05.20"]

1. d4 d5 2. c4 e6 3. Nf3 Nf6 4. g3 dxc4 5. Bg2 a6 6. O-O c5 7. dxc5 Bxc5 8.
Qxd8+ Kxd8 9. Ne5 Ke7 10. Nc3 Rd8 11. Nxc4 Nc6 12. Bg5 h6 13. Bxf6+ gxf6 14. Ne4
Ba7 15. Rfd1 Bd7 16. Ned6 b5 17. Ne3 Rab8 18. Nc2 Ne5 19. Rac1 Bc6 20. Bxc6 Nxc6
21. Ne4 f5 22. Nc3 Rxd1+ 23. Rxd1 Rd8 24. Rxd8 Kxd8 25. e3 Kc7 26. Kf1 Kd6 27.
Ke2 Bc5 28. Kd3 e5 29. Ne2 a5 30. f4 e4+ 31. Kd2 Bb4+ 32. Nxb4 Nxb4 33. Nd4 Nxa2
34. Nxb5+ Ke6 35. Nd4+ Kf6 36. Nc6 a4 37. Kc2 Ke6 38. Kb1 Kd6 39. Nd4 Nb4 40.
Nxf5+ Ke6 41. Nd4+ Kd5 42. Kc1 Nd3+ 43. Kc2 Ne1+ 44. Kd2 Nd3 45. Ne2 Nxb2 46.
Nc3+ Kc4 47. Kc2 a3 48. Nxe4 f5 49. Nd2+ Kb4 50. Nb1 Nc4 51. Nxa3 Nxe3+ 52. Kd3
Nf1 53. Nc2+ Kc5 54. Ne3 Nxh2 55. Nxf5 h5 56. Ke3 Kd5 57. Kf2 Ke4 58. Nh6 Nf3
59. Kg2 Nd4 60. Kh3 Kf3 61. Kh4 Ne2 62. Nf5 Kg2 63. Kxh5 Nxf4+ 64. gxf4 Kf3 65.
Kg5 Ke4 66. Nh4 Kd5 67. Kf6 1-0